Construction Innovation Hub (Record no. 121150)

MARC details
000 -LEADER
fixed length control field 01067nam a22001577a 4500
001 - CONTROL NUMBER
control field K121150
008 - FIXED-LENGTH DATA ELEMENTS--GENERAL INFORMATION
fixed length control field 190716b ||||| |||| 00| 0 eng d
245 ## - TITLE STATEMENT
Title Construction Innovation Hub
520 ## - ABSTRACT
Abstract Website which brings together world-class expertise from the Manufacturing Technology Centre (MTC), Building Research Establishment (BRE) and the Centre for Digital Built Britain (CDBB) to transform the UK construction industry. It aims to enable a structural change programme to deliver this transformation through an evidence based and demonstrated set of activities, including a complete understanding of the marketing opportunities, a set of tools for industry to enable a step change in productivity, and fully relevant and proportionate standards.
650 ## - KEYWORDS
Keywords Manufacturing Technology Centre
650 ## - KEYWORDS
Keywords Buiding Research Establishment
650 ## - KEYWORDS
Keywords Centre for Digital Built Britain
650 ## - KEYWORDS
Keywords Construction industry
690 ## - LOCAL SUBJECT ADDED ENTRY--TOPICAL TERM (OCLC, RLIN)
9 (RLIN) 6274
Topical term or geographic name as entry element PropTech
856 ## - ONLINE RESOURCE
Uniform Resource Identifier https://constructioninnovationhub.org.uk/
Public note View online at constructioninnovationhub.org.uk
Holdings
Withdrawn status Lost status Source of classification or shelving scheme Damaged status Not for loan Home library Current library Shelving location Date acquired Total Checkouts Date last seen Price effective from Koha item type
    Dewey Decimal Classification     Virtual Virtual Online 04/11/2019   04/11/2019 04/11/2019 Online material